Southville International School and Colleges
Your cart is empty.
  • Cart
  • Lists
    Public lists Eva Luna New books Lux_list list_1
    Your lists Log in to create your own lists
  • Log in to your account
  • Your cookies
  • Search history
Southville International School and Colleges
  • Advanced search
  • Recent comments
  • Most popular
  • Libraries

Log in to your account

Log in with GOOGLE


If you do not have an external account, but do have a local account, you can still log in:

  1. Home
  2. MARC view: Body-Art to accompany Human Anatomy and Physiology /
Normal view MARC view ISBD view

Body-Art to accompany Human Anatomy and Physiology / (Record no. 20372)

[ view plain ]
MARC details
000 -LEADER
fixed length control field 00598nam a2200205 a 4500
005 - DATE AND TIME OF LATEST TRANSACTION
control field 20140310183224.0
008 - FIXED-LENGTH DATA ELEMENTS--GENERAL INFORMATION
fixed length control field 031218s19uu xx 00 eng d
020 ## - INTERNATIONAL STANDARD BOOK NUMBER
International Standard Book Number 0030460832
050 ## - LIBRARY OF CONGRESS CALL NUMBER
Classification number QP 34.5
Item number .So689 1990
100 ## - MAIN ENTRY--PERSONAL NAME
Personal name Solomon
245 ## - TITLE STATEMENT
Title Body-Art to accompany Human Anatomy and Physiology /
Statement of responsibility, etc Solomon.
250 ## - EDITION STATEMENT
Edition statement 2nd ed.
260 ## - PUBLICATION, DISTRIBUTION, ETC. (IMPRINT)
Place of publication, distribution, etc Philadelphia :
Name of publisher, distributor, etc Saunders College Pub.,
Date of publication, distribution, etc 1990.
300 ## - PHYSICAL DESCRIPTION
Extent 176 p. :
Other physical details ill. ;
Dimensions 28 cm.
521 ## - TARGET AUDIENCE NOTE
Target audience note
650 ## - SUBJECT ADDED ENTRY--TOPICAL TERM
Topical term or geographic name as entry element Human Physiology
General subdivision workbook, etc.
650 ## - SUBJECT ADDED ENTRY--TOPICAL TERM
Topical term or geographic name as entry element Human Anatomy
General subdivision workbook, etc.
942 ## - ADDED ENTRY ELEMENTS (KOHA)
Koha item type Books
Source of classification or shelving scheme Library of Congress Classification
Call number prefix Foreign
Holdings
Withdrawn status Lost status Source of classification or shelving scheme Damaged status Home library Current library Shelving location Date acquired Total Checkouts Full call number Barcode Date last seen Date checked out Copy number Price effective from Koha item type
    Library of Congress Classification   College Library College Library General Circulation Section 12/18/2003 1 QP 34.5 .So689 1990 C4197 08/27/2025 08/11/2025 1 10/10/2013 Books

Body-Art to accompany Human Anatomy and Physiology /

APA

Solomon, . (1990). Body-Art to accompany Human Anatomy and Physiology. Philadelphia: Saunders College Pub.

Chicago

Solomon, . 1990. Body-Art to accompany Human Anatomy and Physiology. Philadelphia: Saunders College Pub.

Harvard

Solomon, . (1990). Body-Art to accompany Human Anatomy and Physiology. Philadelphia: Saunders College Pub.

MLA

Solomon, . Body-Art to accompany Human Anatomy and Physiology. Philadelphia: Saunders College Pub. 1990.

  • Place hold
  • Print
  • Cite
  • Add to your cart (remove)
  • Save record
    BIBTEX Dublin Core MARCXML MARC (non-Unicode/MARC-8) MARC (Unicode/UTF-8) MARC (Unicode/UTF-8, Standard) MODS (XML) RIS
  • More searches
    Search for this title in:
    Other Libraries (WorldCat) Other Databases (Google Scholar) Online Stores (Bookfinder.com) Open Library (openlibrary.org)

Exporting to Dublin Core...

SOUTHVILLE LIBRARY

Southville International School and Colleges Library

1281 Tropical Ave. Cor. Luxembourg St., BF Homes International, Las Pinas City

Tel. No. 8256374 / 252358 Loc. 117/146

Powered by Koha